<?xml version="1.0" encoding="UTF-8"?>
<record
    xmlns:xsi="http://www.w3.org/2001/XMLSchema-instance"
    xsi:schemaLocation="http://www.loc.gov/MARC21/slim http://www.loc.gov/standards/marcxml/schema/MARC21slim.xsd"
    xmlns="http://www.loc.gov/MARC21/slim">

  <leader>00560nam a22001937a 4500</leader>
  <datafield tag="999" ind1=" " ind2=" ">
    <subfield code="c">173865</subfield>
    <subfield code="d">173865</subfield>
  </datafield>
  <controlfield tag="005">20200311144536.0</controlfield>
  <datafield tag="010" ind1=" " ind2=" ">
    <subfield code="a">B-80527</subfield>
  </datafield>
  <datafield tag="020" ind1=" " ind2=" ">
    <subfield code="c">130.00</subfield>
  </datafield>
  <datafield tag="035" ind1=" " ind2=" ">
    <subfield code="a">B-80527</subfield>
  </datafield>
  <datafield tag="037" ind1=" " ind2=" ">
    <subfield code="b">BPPD/Pub.</subfield>
  </datafield>
  <datafield tag="082" ind1=" " ind2=" ">
    <subfield code="a">&#x646;</subfield>
  </datafield>
  <datafield tag="100" ind1=" " ind2=" ">
    <subfield code="a">&#x634;&#x648;&#x6A9;&#x62A; &#x62A;&#x6BE;&#x627;&#x646;&#x648;&#x6CC;</subfield>
  </datafield>
  <datafield tag="245" ind1=" " ind2=" ">
    <subfield code="a">&#x645;&#x633;&#x679;&#x631; &#x686;&#x627;&#x631; &#x633;&#x648; &#x628;&#x6CC;&#x633; /</subfield>
    <subfield code="c">&#x634;&#x648;&#x6A9;&#x62A; &#x62A;&#x6BE;&#x627;&#x646;&#x648;&#x6CC;</subfield>
  </datafield>
  <datafield tag="246" ind1=" " ind2=" ">
    <subfield code="b">Mister Char Sau Bees /</subfield>
    <subfield code="a">by Shoukat Thanvi</subfield>
  </datafield>
  <datafield tag="260" ind1=" " ind2=" ">
    <subfield code="a">Delhi</subfield>
    <subfield code="b">Rahi Kitab Ghar</subfield>
    <subfield code="c">2003 &#x621;</subfield>
  </datafield>
  <datafield tag="270" ind1=" " ind2=" ">
    <subfield code="a">C-20, Jyoti Colony, Loni Road, Shahdara</subfield>
    <subfield code="b">Delhi</subfield>
    <subfield code="e">110032</subfield>
  </datafield>
  <datafield tag="300" ind1=" " ind2=" ">
    <subfield code="a">199p.</subfield>
    <subfield code="c">19cm(Hb)</subfield>
  </datafield>
  <datafield tag="942" ind1=" " ind2=" ">
    <subfield code="2">ddc</subfield>
    <subfield code="c">UR</subfield>
    <subfield code="h">&#x646;</subfield>
    <subfield code="m">&#x634; &#x648; &#x6A9;</subfield>
  </datafield>
  <datafield tag="952" ind1=" " ind2=" ">
    <subfield code="0">0</subfield>
    <subfield code="1">0</subfield>
    <subfield code="4">0</subfield>
    <subfield code="7">0</subfield>
    <subfield code="8">FIC</subfield>
    <subfield code="a">L</subfield>
    <subfield code="b">L</subfield>
    <subfield code="d">2020-03-11</subfield>
    <subfield code="e">BPPD/Ven.</subfield>
    <subfield code="g">130.00</subfield>
    <subfield code="l">0</subfield>
    <subfield code="o">&#x646; &#x634; &#x648; &#x6A9;</subfield>
    <subfield code="p">B-80527</subfield>
    <subfield code="r">2020-03-11 00:00:00</subfield>
    <subfield code="t">1</subfield>
    <subfield code="v">130.00</subfield>
    <subfield code="w">2020-03-11</subfield>
    <subfield code="y">UR</subfield>
  </datafield>
</record>
